ՀՀ Գիտությունների ազգային ակադեմիայի հիմնարար գիտական գրադարան  =   Fundamental Scientific Library of NAS RA

Очерки по истории русской культуры / (Record no. 438378)

MARC details
000 -LEADER
fixed length control field 00803nam a22002172a 4500
003 - CONTROL NUMBER IDENTIFIER
control field AM-YeHGA
040 ## - CATALOGING SOURCE
Original cataloging agency AM-YeHGA
090 ## - LOCALLY ASSIGNED LC-TYPE CALL NUMBER (OCLC); LOCAL CALL NUMBER (RLIN)
-- 441105
005 - DATE AND TIME OF LATEST TRANSACTION
control field 20250618075158.0
008 - FIXED-LENGTH DATA ELEMENTS--GENERAL INFORMATION
fixed length control field 180612s1909 ru r 000 0 rus d
041 0# - LANGUAGE CODE
Language code of text/sound track or separate title rus
100 1# - MAIN ENTRY--PERSONAL NAME
Personal name Милюков, Павел Николаевич
245 10 - TITLE STATEMENT
Title Очерки по истории русской культуры /
Statement of responsibility, etc. П. Милюков.
250 ## - EDITION STATEMENT
Edition statement 3-е изд.
260 ## - PUBLICATION, DISTRIBUTION, ETC.
Place of publication, distribution, etc. Санкт-Петербург :
Name of publisher, distributor, etc. Тип. М. А. Александрова,
Date of publication, distribution, etc. 1909.
300 ## - PHYSICAL DESCRIPTION
Extent Ч. ;
Dimensions 24 см.
505 00 - FORMATTED CONTENTS NOTE
Miscellaneous information Ч. 3, Вып. 1 (1909, V, 186 с.) :
Title Национализм и общественное мнение :
650 14 - SUBJECT ADDED ENTRY--TOPICAL TERM
Topical term or geographic name entry element Русская культура
General subdivision История
650 14 - SUBJECT ADDED ENTRY--TOPICAL TERM
Topical term or geographic name entry element Культура
9 (RLIN) 5174
942 ## - ADDED ENTRY ELEMENTS (KOHA)
Source of classification or shelving scheme Universal Decimal Classification
Koha item type Գրքեր / Books
Holdings
Withdrawn status Lost status Source of classification or shelving scheme Damaged status Not for loan Collection Home library Current library Date acquired Serial enumeration / chronology Total checkouts Full call number Barcode Date last seen Price effective from Koha item type Public note
    Universal Decimal Classification     General Fundamental Scientific Library Fundamental Scientific Library 02/10/2019 Ч. 3. Вып. 1   PII/18116 FL0602261 02/10/2019 02/10/2019 Գրքեր / Books 30 Days Loan


ՀՀ ԳԱԱ հիմնարար գիտական գրադարան
ՀՀ,Երևան 0019
Մարշալ Բաղրամյան 24/6
հեռախոս:(374-10) 52-47-50
Հետադարձ կապ

All site content, except where otherwise noted, is licensed under a
Creative Commons License